Statistiques concernant Vocabulaire anglais "Working conditions"#1

Cliquez ici pour prendre le quiz!

Statistiques générales

  • Ce quiz a été pris 27 fois
  • Le résultat moyen est 4 sur 15

Statistiques - réponses

HintRéponse% Correct
travail à temps pleinfull time
95%
travail à temps partielpart time
55%
salaire / revenupay check
55%
emploi du tempstimetable
50%
lieu de travailworkplace
36%
syndicattrade union
18%
être au chômageto be jobless
14%
contrat en CDDfixed term
9%
travail au noirmoonlighting
9%
être sans travailto be unemployed
9%
contrat en CDIpermanent contract
5%
travail en intérimtemping
5%
gagner un salaireto earn a salary
5%
réunion en présentielface to face meeting
0%
augmentation de salairepay rise
0%

Distribution des résultats

Percentile par nombre de réponses

% des personnes avec chaque résultat

Votre développement - résultats

Vous n’avez pas pris ce quiz